Supervision in the Hospitality Industry / (Record no. 4318)
[ view plain ]
| 000 -LEADER | |
|---|---|
| fixed length control field | 00969nac a22002171u 4500 |
| 008 - FIXED-LENGTH DATA ELEMENTS--GENERAL INFORMATION | |
| fixed length control field | 100915t xxu||||| |||| 00| 0 eng d |
| 010 ## - LIBRARY OF CONGRESS CONTROL NUMBER | |
| LC control number | 90049672 |
| 020 ## - INTERNATIONAL STANDARD BOOK NUMBER | |
| International Standard Book Number | 0866120521 |
| 082 00 - DEWEY DECIMAL CLASSIFICATION NUMBER | |
| Classification number | 647.940683 |
| Item number | KAV |
| 100 ## - MAIN ENTRY--PERSONAL NAME | |
| Personal name | Kavanaugh, Raphael R. |
| 9 (RLIN) | 19284 |
| 245 10 - TITLE STATEMENT | |
| Title | Supervision in the Hospitality Industry / |
| Statement of responsibility, etc | Raphael R. Kavanaugh, Jack D. Ninemeier. |
| 250 ## - EDITION STATEMENT | |
| Edition statement | 2nd ed. |
| 260 ## - PUBLICATION, DISTRIBUTION, ETC. (IMPRINT) | |
| Place of publication, distribution, etc | East Lansing, Mich. : |
| Name of publisher, distributor, etc | Educational Institute of the American Hotel & Motel Association,1991 |
| Date of publication, distribution, etc | 1991. |
| 300 ## - PHYSICAL DESCRIPTION | |
| Extent | xii, 312 p.: |
| Other physical details | ill. ; |
| Dimensions | 30 cm. |
| 500 ## - GENERAL NOTE | |
| General note | Rev. ed. of: Supervision in the hospitality industry / John P. Daschler, Jack D. Ninemeier. c1984. |
| 500 ## - GENERAL NOTE | |
| General note | Includes index. |
| 650 #0 - SUBJECT ADDED ENTRY--TOPICAL TERM | |
| Topical term or geographic name as entry element | Hospitality industry |
| General subdivision | Personnel management. |
| 9 (RLIN) | 19285 |
| 700 1# - ADDED ENTRY--PERSONAL NAME | |
| Personal name | Ninemeier, Jack D. |
| 9 (RLIN) | 19286 |
| 942 ## - ADDED ENTRY ELEMENTS (KOHA) | |
| Item type | Book - Borrowing |
| Call number prefix | 647.940683KAV |
| Source of classification or shelving scheme | Dewey Decimal Classification |
| Withdrawn status | Item status | Damaged status | Not for loan | Home library | Current library | Shelving location | Date acquired | Source of acquisition | Total Checkouts | Full call number | Barcode | Date last seen | Koha item type |
|---|---|---|---|---|---|---|---|---|---|---|---|---|---|
| Central Library | Central Library | First floor | 04/09/2007 | Purchase | 647.940683 KAV | 000000229 | 15/07/2025 | Book - Borrowing |